Franny and zooey

The author writes: FRANNY came out in The New Yorker in 1955, and was swiftly followed, in 1957 by ZOOEY. Both stories are early, critical entries in a narrative series I'm doing about a family of settlers in twentieth-century New York, the Glasses. It is a long-term project, patently an ambigu...

Descripción completa

Guardado en:
Detalles Bibliográficos
Autor principal: Salinger, J. D.
Formato: Libro
Lenguaje:Undetermined
Publicado: Boston Little, Brown and Company 1961
Materias:
Etiquetas: Agregar Etiqueta
Sin Etiquetas, Sea el primero en etiquetar este registro!
Thư viện lưu trữ: Trung tâm Học liệu Trường Đại học Cần Thơ
LEADER 01172nam a2200193Ia 4500
001 CTU_226098
008 210402s9999 xx 000 0 und d
082 |a 813.54 
082 |b S165 
100 |a Salinger, J. D. 
245 0 |a Franny and zooey 
245 0 |c J. D. Salinger 
260 |a Boston 
260 |b Little, Brown and Company 
260 |c 1961 
520 |a The author writes: FRANNY came out in The New Yorker in 1955, and was swiftly followed, in 1957 by ZOOEY. Both stories are early, critical entries in a narrative series I'm doing about a family of settlers in twentieth-century New York, the Glasses. It is a long-term project, patently an ambiguous one, and there is a real-enough danger, I suppose that sooner or later I'll bog down, perhaps disappear entirely, in my own methods, locutions, and mannerisms. On the whole, though, I'm very hopeful. I love working on these Glass stories, I've been waiting for them most of my life, and I think I have fairly decent, monomaniacal plans to finish them with due care and all-available skill. 
650 |a New York,New York 
910 |b nthai 
980 |a Trung tâm Học liệu Trường Đại học Cần Thơ